A helping hand to english language beginners / (Record no. 41006)

MARC details
000 -LEADER
fixed length control field 00689nam a22001937a 4500
005 - DATE AND TIME OF LATEST TRANSACTION
control field 20100811142034.0
010 ## - LCCN (DPL NO)
LC control number ENG-99582
020 ## - INTERNATIONAL STANDARD BOOK NUMBER
International Standard Book Number 9788190755528
Terms of availability 75.00
035 ## - SYSTEM CONTROL NUMBER
System control number EN-83114
037 ## - SOURCE OF ACQUISITION
Source of stock number/acquisition DBAD/PUB
082 ## - DEWEY DECIMAL CLASSIFICATION NUMBER
Classification number 485
100 ## - MAIN ENTRY--PERSONAL NAME
Personal name Lalithambika,K C
245 ## - TITLE STATEMENT
Title A helping hand to english language beginners /
Statement of responsibility, etc by K C Lalithambika
260 ## - PUBLICATION, DISTRIBUTION, ETC. (IMPRINT)
Place of publication, distribution, etc Chennai
Name of publisher, distributor, etc Harishankar Publications
Date of publication, distribution, etc 2009
270 ## - ADDRESS
Address No.2/269 Master Arcade 13th Street S R P Colony Peravellur
City Chennai
Postal code 600082
300 ## - PHYSICAL DESCRIPTION
Extent vii,71p
Dimensions 21cm(pbk)
942 ## - ADDED ENTRY ELEMENTS (KOHA)
Source of classification or shelving scheme Dewey Decimal Classification
Item type English Books
Classification part 485
Call number suffix LAL
Holdings
Withdrawn status Lost status Not for loan Collection code Home library Current library Date acquired Source of acquisition Cost, normal purchase price Full call number Barcode Copy number Cost, replacement price Koha item type
    Not For Loan Non-fiction D.B.Act.Division D.B.Act.Division 11/08/2010 DBAD/PUB 75.00 485 LAL EN-83114 1 75.00 English Books

© Delhi Public Library
Hit Counter
free hit counter